000 00892nam a2200205 i 4500
001 44476
003 ES-MaACL
005 20251114105335.0
007 t|
008 030321s1951 sp ||||1| spa d
100 1 _aCeballos y Fernández de Córdoba, Luis,
_d1896-1967
_937284
245 1 0 _aEstudio sobre la vegetación y la flora forestal de las Canarias Occidentales /
_cpor Luis Ceballos y Fernández de Córdoba y Francisco Ortuño Medina.
260 _aMadrid :
_bMinisterio de Agricultura, Instituto Forestal de Investigaciones y Experiencias,
_c1951 (
_fBlass)
300 _aX, 465 p., 61 lám., 6 map. pleg. :
_bil. ;
_c27 cm.
650 4 _aFlora-
_zCanarias.
_9167291
700 1 _aOrtuño Medina, Francisco,
_d1919-1991
_987687
710 2 _aInstituto Forestal de Investigaciones y Experiencias.
_95059
852 _aES-MaACL
_jD-7086
_bR.31389
999 _c44476
_d44476